القاموس المحيط : قاموس عربي-عربي

Bibliographic Details
Main Author: ابادي، فيروز (Author)
Format: Book
Published: Bayrut : Ariss Computer Inc. , c1994-1995
Subjects:

MARC

LEADER 00000cam a2200000 7i4500
001 0000007209
005 20221003093000.0
008 021119s1995
090 0 0 |a PJ6622   |b .K269 1994 disk 
245 1 2 |a القاموس المحيط :   |b قاموس عربي-عربي   |c للفيروزابادي 
260 2 |a Bayrut :   |b Ariss Computer Inc. ,   |c c1994-1995 
300 |a 1 v. (30 p. ; 21 cm.)   |e 6 computer disk (3.5 in.) 
650 0 |a Arabic language   |v Dictionaries 
700 1 |a ابادي، فيروز ,   |e author 
745 0 3 |a al-Qamus al-muhit: qamus`Arabi-`Arabi 
999 |a 1000068809   |b Computer Disc   |c OPEN SHELF (30 DAYS)   |e Gong Badak Campus 
999 |a 1000068810   |b Computer Disc   |c OPEN SHELF (30 DAYS)   |e Gong Badak Campus 
999 |a 1000068811   |b Computer Disc   |c OPEN SHELF (30 DAYS)   |e Gong Badak Campus 
999 |a 1000068812   |b Computer Disc   |c OPEN SHELF (30 DAYS)   |e Gong Badak Campus 
999 |a 1000068813   |b Computer Disc   |c OPEN SHELF (30 DAYS)   |e Gong Badak Campus 
999 |a 1000068814   |b Computer Disc   |c OPEN SHELF (30 DAYS)   |e Gong Badak Campus